Trh práce a nástroje monitorovania ceny práce. 1
Mzdy na trhu práce v Česku a Slovensku od r. 1970. Vysvetlenie základných pojmov na trhu práce - trh práce, ekonómia trhu práce, mzdová sadzba, ekonómia práce. Zamestnanecké výhody a kompenzácie. Charakteristika nákladov práce. Funkcie trhu práce: dopyt po práci, ponuka práce, určenie mzdy na trhu p...
Guardado en:
| Autor principal: | |
|---|---|
| Formato: | Capítulo de libro |
| Lenguaje: | checo |
| Materias: | |
| Etiquetas: |
Sin Etiquetas, Sea el primero en etiquetar este registro!
|
MARC
| LEADER | 00000naa a2200000 4500 | ||
|---|---|---|---|
| 001 | r026745 | ||
| 005 | 20230424120932.8 | ||
| 041 | 0 | |a cze | |
| 044 | |a CZ | ||
| 245 | 1 | 0 | |a Trh práce a nástroje monitorovania ceny práce. 1 |c J. Hubert |
| 520 | |a Mzdy na trhu práce v Česku a Slovensku od r. 1970. Vysvetlenie základných pojmov na trhu práce - trh práce, ekonómia trhu práce, mzdová sadzba, ekonómia práce. Zamestnanecké výhody a kompenzácie. Charakteristika nákladov práce. Funkcie trhu práce: dopyt po práci, ponuka práce, určenie mzdy na trhu práce, porušenie rovnováhy, pôsobenie a vplyv odborov, negatívne faktory. Činnosť Asociácie zamestnávateľských zväzov a združení SR. | ||
| 610 | 2 | 0 | |a trh práce |
| 610 | 2 | 0 | |a Česko |
| 610 | 2 | 0 | |a Slovensko |
| 610 | 2 | 0 | |a 1970-1997 |
| 610 | 2 | 0 | |a pojmy |
| 610 | 2 | 0 | |a Asociácia zamestnávateľských zväzov a združení SR |
| 100 | 1 | |a Hubert, Jaromír | |